| 000 | 00468nam a2200145Ia 4500 | ||
|---|---|---|---|
| 008 | 151021s9999 xx 000 0 und d | ||
| 020 | _a273711148 | ||
| 050 | _aHD 58.7 .R654 2008 | ||
| 245 | _a_Organisational Behaviour and Analysis An Intergrated Approach / Rollingson Derek | ||
| 260 | _aEngland : Pearson Education , 2008 | ||
| 300 | _axxii,759 p. | ||
| 500 | _aIncludes index | ||
| 650 | _a_Organisational Behaviour | ||
| 980 | _a^d20110725 12:27:54^okilerai | ||
| 999 |
_c8077 _d8077 |
||